000 00344nam a2200145Ia 4500
008 230917s9999||||xx |||||||||||||| ||und||
040 _e139188
_aMAIN
041 _aEnglish
082 _a823.8 C764G
100 _aConrad, Joseph
245 0 _aGreat short works
260 _aNew York
_bHarper & Rou
_c1910
300 _a404P p.
942 _cBK
999 _c218167
_d218167